Guerre russo-géorgienne - Statistiques

Statistiques générales
  • Ce quiz a été pris 45 fois
  • Le résultat moyen est 3 sur 5
Statistiques - réponses
Soldats Pays % Correct
27 000 Géorgie
95%
15 000 Russie
93%
15 000 Ossétie
40%
3 000 Abkhazie
33%
2 500 CEI
5%
Aucun quiz correspondant
Distribution des résultats
% des personnes avec chaque résultat
Percentile par nombre de réponses
Votre historique - résultats
Vous n’avez pas pris ce quiz